Hamilton Lyrics Sort #40 - Stay Alive - Reprise - Statistics

General Stats
  • This quiz has been taken 6 times
  • The average score is 32 of 50
Answer Stats
Hint Answer % Correct
Line 12 Already infectred when he arrived
100%
Line 15 I did exactly as you said, Pa
100%
Line 11 I'm doing everything I can, but the wound was
100%
Line 30 Is he breathing? Is he going to survive this? (Stay alive)
100%
Line 35 I taught you piano
100%
Line 22 I was aiming for the sky
100%
Line 40 I would always change the line
100%
Line 32 Mom, I'm so sorry for forgetting what you taught me
100%
Line 4 Mr. Hamilton, come in, they brought him in a half an hour ago
100%
Line 26 Save your strength and
100%
Line 34 We played piano
100%
Line 31 Who did this, Alexander, did you know?
100%
Line 10 Can I see him please?
75%
Line 16 I held my head up high
75%
Line 6 Is he alive?
75%
Line 9 Lodged in his right arm
75%
Line 33 My son
75%
Line 50 Sept huit...
75%
Line 49 Sept, huit, neuf
75%
Line 1 Stay alive [1]
75%
Line 2 Stay alive [2]
75%
Line 27 Stay alive [3]
75%
Line 8 The bullet entered just above his hip and
75%
Line 3 Where's my son?
75%
Line 37 You changed the melody every time
75%
Line 36 You would put your hands on mine
75%
Line 46 Cinq, six, sept
50%
Line 29 Eliza
50%
Line 21 Even before we got to ten (shh)
50%
Line 5 He lost a lot of blood on the way over
50%
Line 18 I know, I know (high)
50%
Line 23 I know, I know (I was aiming for the sky) [1]
50%
Line 24 I know, I know (I was aiming for the sky) [2]
50%
Line 28 No!
50%
Line 14 Pa
50%
Line 13 Philip
50%
Line 45 Un, deux, trois, quatre
50%
Line 42 Un, deux, trois, quatre (Un, deux, trois, quatre)
50%
Line 7 Yes, but you have to understand
50%
Line 43 Cinq, six, sept, huit, neuf (Cinq, six, sept, huit, neuf)
25%
Line 20 Everything just right
25%
Line 44 Good
25%
Line 38 Ha, I would always change the line
25%
Line 48 Huit, neuf
25%
Line 25 I know
25%
Line 41 I know, I know
25%
Line 17 I know, I know, shh
25%
Line 39 Shh, I know, I know
25%
Line 19 Shh, I know you did
25%
Line 47 (Un, deux, trois...)
25%
No matching quizzes found
Score Distribution
Percent of People with Each Score
Percentile by Number Answered
Your Score History
You have not taken this quiz